| 000 | 003880000a22001330004500 | ||
|---|---|---|---|
| 090 |
_aAR _b04665 |
||
| 100 | 1 |
_aSilberglied, Robert E. _998799 |
|
| 700 | 1 |
_aAiello, Annette _998800 |
|
| 700 | 1 |
_aWindsor, Donald M. _97184 |
|
| 245 | 1 | 0 |
_aDisruptive coloration in butterflies _slack of support in Anartia fatima |
| 041 | 0 | _aInglés | |
| 942 | _cARTICULO | ||
| 773 | 1 |
_tScience _q617-619 _d1980 _g209 |
|
| 999 |
_c13765 _d13765 |
||